000 01170nam a2200373 c 4500
999 _c49218
_d49218
001 49218
003 ES-MaCES
005 20170419121816.0
008 170418s2017 sp d 000 | spa d
017 _aM 1177-2017
_bDL
020 _a9788494634338
040 _aES-MaCES
_bspa
_cES-MaCES
100 1 _aMerino, Patricia
_938063
245 1 0 _aMaternidad, igualdad y fraternidad
_b: las madres como sujeto político en las sociedades poslaborales
_cPatricia Merino
250 _a1ª ed
260 _aMadrid
_bClave intelectual
_c2017
300 _a471 p.
_c22 cm
541 _cCompra
650 4 _amujeres
_928657
650 4 _aembarazo
_929243
650 4 _aigualdad de oportunidades
_927183
650 4 _aigualdad de oportunidades en el empleo
_930649
650 4 _acuidado infantil
_927062
650 4 _aprestaciones de maternidad
_927040
650 4 _aprestaciones familiares
_927038
650 4 _alicencia de maternidad
_927816
650 4 _alicencia de paternidad
_929514
650 4 _aEspaña
_926964
650 4 _apaís de la UE
_929020
650 4 _acomparación
_928892
653 1 0 _aMujer
902 _aLIB Libro
942 _2CES
_cBK
_h3.3.